[Event "RSA-ch Seniors"]
[Site "Cape Town"]
[Date "2024.03.29"]
[Round "5"]
[White "Southey, Andrew M"]
[Black "Bhawoodien, Shabier Hussain"]
[Result "0-1"]
[WhiteElo "1771"]
[BlackElo "1975"]
[PlyCount "70"]
[EventDate "2024.03.25"]
[EventType "tourn"]
[EventRounds "11"]
[EventCountry "RSA"]
[SourceTitle "CB14_2024"]
[SourceDate "2024.04.01"]
[SourceVersion "1"]
[SourceVersionDate "2024.04.01"]
[SourceQuality "1"]

1. e4 c5 2. Nf3 d6 3. d4 cxd4 4. Nxd4 Nf6 5. Nc3 a6 6. Bg5 e6 7. f4 Be7 8. Qf3 h6 9. Bxf6 Bxf6 10. 0-0-0 Qb6 11. Nb3 Qc7 12. e5 dxe5 13. Ne4 Be7 14. Qg3 0-0 15. fxe5 Nc6 16. Nf6+ Kh8 17. Ng4 h5 18. h3 f5 19. Bd3 Bd7 20. Kb1 Be8 21. Rde1 h4 22. Qe3 fxg4 23. hxg4 Nb4 24. g5 Nxd3 25. Rxh4+ Kg8 26. Qxd3 Rf5 27. Qh3 Bxg5 28. Rh8+ Kf7 29. Qh5+ Ke7 30. Qe2 Bb5 31. c4 Bxc4 32. Qh5 Bd3+ 33. Ka1 Rxh8 34. Qxh8 Qxe5 35. Qh1 Qxe1+ 0-1

[Event "South African op"]
[Site "Cape Town"]
[Date "2022.07.16"]
[Round "10"]
[White "Bhawoodien, Shabier Hussain"]
[Black "Martin, Nico"]
[Result "1-0"]
[WhiteElo "2028"]
[BlackElo "1674"]
[PlyCount "65"]
[EventDate "2022.07.09"]
[EventType "swiss"]
[EventRounds "11"]
[EventCountry "RSA"]
[SourceTitle "CBM 209 Extra"]
[Source "ChessBase"]
[SourceDate "2022.09.30"]
[SourceVersion "1"]
[SourceVersionDate "2022.09.30"]
[SourceQuality "1"]

1. d4 Nf6 2. c4 g6 3. f3 c5 4. d5 d6 5. Nc3 Bg7 6. e4 e6 7. Bg5 h6 8. Be3 exd5 9. cxd5 0-0 10. Nge2 a6 11. a4 Nbd7 12. Ng3 h5 13. Be2 h4 14. Nf1 h3 15. g4 Nh7 16. Ng3 Rb8 17. Qd2 Ne5 18. 0-0 Qh4 19. Kh1 Kh8 20. Rg1 b5 21. axb5 axb5 22. Ra7 b4 23. Nd1 f6 24. Nf2 Ng5 25. Qd1 Ngf7 26. f4 Nd7 27. Nf1 f5 28. gxf5 gxf5 29. Rg3 Kg8 30. Rxh3 Qf6 31. Ng3 Qxb2 32. Nxf5 Nf6 33. Ne7# 1-0

[Event "South African op"]
[Site "Cape Town"]
[Date "2022.07.10"]
[Round "3"]
[White "Bhawoodien, Shabier Hussain"]
[Black "Jacobs, Cavan"]
[Result "0-1"]
[WhiteElo "2028"]
[BlackElo "1748"]
[PlyCount "61"]
[EventDate "2022.07.09"]
[EventType "swiss"]
[EventRounds "11"]
[EventCountry "RSA"]
[SourceTitle "CBM 209 Extra"]
[Source "ChessBase"]
[SourceDate "2022.09.30"]
[SourceVersion "1"]
[SourceVersionDate "2022.09.30"]
[SourceQuality "1"]

1. e4 c5 2. Nf3 e6 3. d4 cxd4 4. Nxd4 Nf6 5. Nc3 Nc6 6. Ndb5 d6 7. Bf4 e5 8. Bg5 a6 9. Bxf6 gxf6 10. Na3 b5 11. Nd5 f5 12. c3 Bg7 13. exf5 Bxf5 14. Nc2 0-0 15. Nce3 Be6 16. Bd3 f5 17. 0-0 e4 18. Nf4 Bf7 19. Bc2 Be5 20. Ned5 Qg5 21. Nh3 Qh6 22. f4 exf3 23. Qxf3 Bh5 24. Qd3 Bg4 25. Nhf4 Bh5 26. a4 Bg4 27. axb5 axb5 28. Rxa8 Rxa8 29. Qxb5 Ra5 30. Qxc6 Rxd5 31. Qa4 0-1

[Event "South African op"]
[Site "Cape Town"]
[Date "2022.07.10"]
[Round "4"]
[White "Mathebula, Xolani Cebo"]
[Black "Bhawoodien, Shabier Hussain"]
[Result "1-0"]
[WhiteElo "1759"]
[BlackElo "2028"]
[PlyCount "165"]
[EventDate "2022.07.09"]
[EventType "swiss"]
[EventRounds "11"]
[EventCountry "RSA"]
[SourceTitle "CBM 209 Extra"]
[Source "ChessBase"]
[SourceDate "2022.09.30"]
[SourceVersion "1"]
[SourceVersionDate "2022.09.30"]
[SourceQuality "1"]

1. e4 e5 2. Nf3 Nc6 3. Bb5 f5 4. d3 fxe4 5. dxe4 Nf6 6. 0-0 Bc5 7. Nc3 d6 8. Bg5 0-0 9. Nd5 Kh8 10. Nh4 Nd4 11. Bd3 c6 12. Bxf6 gxf6 13. Ne3 Qe8 14. c3 Ne6 15. Nef5 Ng7 16. b4 Nxf5 17. exf5 Bb6 18. Be2 d5 19. Bh5 Qe7 20. Qg4 Rg8 21. Qh3 Rg7 22. a4 Bd7 23. a5 Bc7 24. Rae1 Kg8 25. Re3 Be8 26. Be2 e4 27. Bd1 Bf4 28. Ree1 Qd6 29. Kh1 Bd7 30. g3 Be5 31. Re3 c5 32. f4 exf3 33. Bxf3 cxb4 34. cxb4 d4 35. Rb3 Bc6 36. Qg2 Rd8 37. b5 Bxf3 38. Nxf3 Qd5 39. Nd2 Qxg2+ 40. Kxg2 Rc8 41. Nf3 Rc2+ 42. Rf2 Rgc7 43. Ne1 R2c3 44. Rbb2 R7c5 45. Rf3 Rc1 46. Nd3 R5c2+ 47. Rf2 Rxb2 48. Rxb2 Ra1 49. Kf3 Rxa5 50. Ke4 a6 51. Nxe5 fxe5 52. Kxe5 d3 53. Ke6 Rxb5 54. Rd2 Rb6+ 55. Ke7 Kg7 56. Rxd3 Rc6 57. g4 h6 58. h4 Rc7+ 59. Kd8 Rf7 60. Rd5 Kf6 61. Rd6+ Kg7 62. Rg6+ Kh7 63. Ke8 Rc7 64. g5 hxg5 65. hxg5 a5 66. Rh6+ Kg8 67. f6 Rc8+ 68. Kd7 Rc6 69. Rg6+ Kf8 70. Rh6 a4 71. Rh8+ Kf7 72. Rh7+ Kf8 73. Kd8 Rd6+ 74. Kc7 Ra6 75. Kxb7 Re6 76. Rh4 a3 77. Ra4 Re3 78. g6 Ke8 79. f7+ Ke7 80. Ra8 Rf3 81. g7 Rxf7 82. g8Q Kf6+ 83. Kc6 1-0

[Event "South African op"]
[Site "Cape Town"]
[Date "2022.07.09"]
[Round "1"]
[White "Bhawoodien, Shabier Hussain"]
[Black "Mnyasta, Tezihano"]
[Result "1-0"]
[WhiteElo "2028"]
[BlackElo "1627"]
[PlyCount "83"]
[EventDate "2022.07.09"]
[EventType "swiss"]
[EventRounds "11"]
[EventCountry "RSA"]
[SourceTitle "CBM 209 Extra"]
[Source "ChessBase"]
[SourceDate "2022.09.30"]
[SourceVersion "1"]
[SourceVersionDate "2022.09.30"]
[SourceQuality "1"]

1. e4 c5 2. Nf3 d6 3. d4 cxd4 4. Nxd4 Nf6 5. Nc3 g6 6. Be3 Bg7 7. f3 Nc6 8. Bc4 0-0 9. Qd2 Nxd4 10. Bxd4 Be6 11. Bxe6 fxe6 12. 0-0-0 Qa5 13. Kb1 b5 14. h4 Nh5 15. Bxg7 Nxg7 16. Qg5 Qc7 17. h5 gxh5 18. Rxh5 Rf6 19. Rh6 Rxh6 20. Qxh6 b4 21. Ne2 Rc8 22. c3 Qc4 23. Qe3 bxc3 24. Nxc3 Qc5 25. Qd2 Qb4 26. Rh1 Rb8 27. Qc2 h5 28. g4 hxg4 29. fxg4 Rc8 30. a3 Qd4 31. g5 Rc5 32. g6 Qf6 33. Qb3 Qxg6 34. Qb8+ Ne8 35. Ka1 a5 36. Ne2 Kf7 37. Rh8 Kf6 38. Rxe8 Qxe4 39. Nc3 Qd3 40. Rf8+ Ke5 41. Rf2 Qg6 42. Qh8+ 1-0

[Event "South African op"]
[Site "Cape Town"]
[Date "2022.07.09"]
[Round "2"]
[White "McInnes, Andrew"]
[Black "Bhawoodien, Shabier Hussain"]
[Result "0-1"]
[WhiteElo "1752"]
[BlackElo "2028"]
[PlyCount "80"]
[EventDate "2022.07.09"]
[EventType "swiss"]
[EventRounds "11"]
[EventCountry "RSA"]
[SourceTitle "CBM 209 Extra"]
[Source "ChessBase"]
[SourceDate "2022.09.30"]
[SourceVersion "1"]
[SourceVersionDate "2022.09.30"]
[SourceQuality "1"]

1. e4 e5 2. Nf3 Nc6 3. Bb5 f5 4. d3 fxe4 5. dxe4 Nf6 6. 0-0 Bc5 7. Bg5 d6 8. Nc3 0-0 9. Nd5 Be6 10. Nxf6+ gxf6 11. Bh6 Rf7 12. Nh4 Kh8 13. Be2 Rd7 14. Bg4 Qg8 15. Bxe6 Qxe6 16. Qh5 Rg8 17. Rad1 Qg4 18. Qf5 Qxh4 19. Qxd7 Qxh6 20. Qxc7 Nd4 21. Rd3 Qg6 22. Rg3 Ne2+ 23. Kh1 Nxg3+ 24. fxg3 Qg7 25. Qa5 Qg6 26. b4 b6 27. Qxa7 Bxb4 28. Qe7 Bc5 29. Qe6 f5 30. Qxf5 Qxf5 31. exf5 e4 32. f6 e3 33. c3 Rf8 34. h4 Kg8 35. g4 e2 36. Re1 Re8 37. g5 Bf2 38. h5 Bxe1 39. g6 hxg6 40. hxg6 Rf8 0-1

[Event "RSA-ch"]
[Site "Cape Town"]
[Date "2022.05.13"]
[Round "8"]
[White "Kobese, Watu"]
[Black "Bhawoodien, Shabier Hussain"]
[Result "1-0"]
[WhiteElo "2324"]
[BlackElo "2033"]
[PlyCount "75"]
[EventDate "2022.05.07"]
[EventType "tourn"]
[EventRounds "9"]
[EventCountry "RSA"]
[SourceTitle "CBM 208 Extra"]
[Source "ChessBase"]
[SourceDate "2022.07.31"]
[SourceVersion "1"]
[SourceVersionDate "2022.07.31"]
[SourceQuality "1"]

1. d4 Nf6 2. Nf3 c5 3. e3 g6 4. Be2 Bg7 5. 0-0 0-0 6. c4 cxd4 7. exd4 d5 8. c5 Nc6 9. Nc3 Ne4 10. h3 e5 11. dxe5 Nxc3 12. bxc3 Nxe5 13. Nd4 Qa5 14. Qb3 Re8 15. Be3 a6 16. Rfd1 Nc6 17. Bf3 Ne7 18. Rac1 Rb8 19. Bf4 Ra8 20. Bd6 Nf5 21. Nxf5 Bxf5 22. Bxd5 Be6 23. Qb4 Qxb4 24. cxb4 Bxd5 25. Rxd5 Re2 26. a4 Rb2 27. c6 bxc6 28. Rxc6 Ra2 29. a5 h5 30. g3 Bf6 31. Bc5 Kg7 32. Rd7 Be5 33. Rb6 Re8 34. Rbb7 Bxg3 35. Rxf7+ Kh6 36. fxg3 Re1+ 37. Rf1 Ree2 38. Rf2 1-0

[Event "RSA-ch"]
[Site "Cape Town"]
[Date "2022.05.10"]
[Round "5"]
[White "Mhango, Banele"]
[Black "Bhawoodien, Shabier Hussain"]
[Result "1-0"]
[WhiteElo "2206"]
[BlackElo "2033"]
[PlyCount "81"]
[EventDate "2022.05.07"]
[EventType "tourn"]
[EventRounds "9"]
[EventCountry "RSA"]
[SourceTitle "CBM 208 Extra"]
[Source "ChessBase"]
[SourceDate "2022.07.31"]
[SourceVersion "1"]
[SourceVersionDate "2022.07.31"]
[SourceQuality "1"]

1. Nf3 c5 2. g3 Nc6 3. Bg2 e5 4. c4 e4 5. Ng1 f5 6. Nc3 Nf6 7. d3 exd3 8. Qxd3 Be7 9. Nf3 d5 10. cxd5 Nb4 11. Qd1 Nbxd5 12. Qb3 Nxc3 13. Qxc3 Be6 14. 0-0 h6 15. Nh4 Kf7 16. Bxb7 Nd5 17. Qf3 Bxh4 18. Rd1 Nb4 19. Rxd8 Raxd8 20. Be3 Nc2 21. Rc1 Nxe3 22. Qh5+ g6 23. Qxh4 Rd4 24. f4 Rhd8 25. Bf3 Rd1+ 26. Rxd1 Rxd1+ 27. Kf2 Nc2 28. Qxh6 Nd4 29. Qh7+ Kf6 30. Qxa7 Rc1 31. a4 Rc2 32. Qb6 Kf7 33. a5 Bc4 34. a6 Nxf3 35. Kxf3 Bxe2+ 36. Ke3 Bc4 37. Qb7+ Kf6 38. a7 Re2+ 39. Kf3 Rd2 40. a8Q Bd5+ 41. Qxd5 1-0

[Event "Kimberley Moja op"]
[Site "Kimberley"]
[Date "2022.03.21"]
[Round "6"]
[White "Boshoma, Chisomo"]
[Black "Bhawoodien, Shabier Hussain"]
[Result "0-1"]
[WhiteElo "1323"]
[BlackElo "2058"]
[PlyCount "109"]
[EventDate "2022.03.19"]
[EventType "swiss"]
[EventRounds "7"]
[EventCountry "RSA"]
[SourceTitle "EXT 2023"]
[Source "ChessBase"]
[SourceDate "2022.10.05"]
[SourceVersion "1"]
[SourceVersionDate "2022.10.05"]
[SourceQuality "1"]

1. e4 c6 2. Nc3 d5 3. d3 d4 4. Nce2 e5 5. g3 Bg4 6. Bg2 Bb4+ 7. Bd2 Qa5 8. a3 Bxd2+ 9. Qxd2 Qxd2+ 10. Kxd2 c5 11. f4 Nc6 12. h3 Bd7 13. fxe5 Nxe5 14. Nf3 f6 15. c3 Bb5 16. Nf4 dxc3+ 17. Kxc3 0-0-0 18. Rhd1 b6 19. a4 Bc6 20. b4 cxb4+ 21. Kxb4 Rd6 22. Ne1 Ne7 23. d4 N5g6 24. Ne2 Re8 25. Nc3 Bb7 26. Nb5 a5+ 27. Ka3 Rd7 28. h4 Kb8 29. Rab1 Nc8 30. h5 Nf8 31. Nc3 Nd6 32. Bf1 Ka7 33. Nb5+ Kb8 34. Nc3 Nxe4 35. Nxe4 Rxe4 36. Rxb6 Rdxd4 37. Rxd4 Rxd4 38. Bg2 Rd7 39. h6 gxh6 40. Rxf6 Bxg2 41. Rxf8+ Kc7 42. Nxg2 Rd3+ 43. Kb2 Rd2+ 44. Kc3 Rxg2 45. Kc4 Rxg3 46. Rf6 Rg4+ 47. Kb5 Rg5+ 48. Kc4 h5 49. Rh6 Rg4+ 50. Kb5 Rg5+ 51. Kc4 Rg4+ 52. Kc5 Rg5+ 53. Kc4 Rb5 54. Kd3 Rf5 55. Ke2 0-1

[Event "RSA-chB"]
[Site "Cape Town"]
[Date "2019.12.15"]
[Round "9"]
[White "Bhawoodien, Shabier Hussain"]
[Black "Sikwati, Lizo"]
[Result "1-0"]
[WhiteElo "2063"]
[BlackElo "1733"]
[PlyCount "49"]
[EventDate "2019.12.07"]
[EventType "swiss"]
[EventRounds "11"]
[EventCountry "RSA"]
[SourceTitle "CBM 193 Extra"]
[Source "ChessBase"]
[SourceDate "2020.01.31"]
[SourceVersion "1"]
[SourceVersionDate "2020.01.31"]
[SourceQuality "1"]

1. e4 c5 2. Nf3 e6 3. d4 cxd4 4. Nxd4 Nc6 5. Nc3 Nf6 6. Ndb5 d6 7. Bf4 e5 8. Bg5 a6 9. Bxf6 gxf6 10. Na3 b5 11. Nd5 Be6 12. c3 Bxd5 13. exd5 Na5 14. Bd3 h5 15. 0-0 Qc8 16. Qf3 Ke7 17. Bf5 Qc7 18. b3 Bh6 19. Rad1 Nb7 20. Nc2 a5 21. h4 Nc5 22. Qe2 Qb6 23. Nd4 e4 24. Nc6+ Kf8 25. a4 1-0

[Event "RSA-chB"]
[Site "Cape Town"]
[Date "2019.12.11"]
[Round "5"]
[White "Bhawoodien, Shabier Hussain"]
[Black "Kleinsmidt, Cherwin"]
[Result "1/2-1/2"]
[WhiteElo "2063"]
[BlackElo "1933"]
[PlyCount "138"]
[EventDate "2019.12.07"]
[EventType "swiss"]
[EventRounds "11"]
[EventCountry "RSA"]
[SourceTitle "EXT 2021"]
[Source "ChessBase"]
[SourceDate "2020.10.23"]
[SourceVersion "1"]
[SourceVersionDate "2020.10.23"]
[SourceQuality "1"]

1. d4 Nf6 2. c4 g6 3. f3 c5 4. d5 d6 5. Nc3 Bg7 6. e4 Na6 7. Bd3 Nc7 8. Nge2 Rb8 9. Be3 0-0 10. Qd2 Bd7 11. a4 a6 12. a5 b5 13. axb6 Rxb6 14. 0-0 Qb8 15. Ra2 Rb4 16. e5 Nfe8 17. f4 Qb6 18. Ng3 a5 19. Nge4 Na6 20. exd6 Nxd6 21. Nxd6 exd6 22. f5 Qd8 23. Bh6 gxf5 24. Bxg7 Kxg7 25. Rxa5 Nb8 26. Ra8 Qf6 27. Kh1 Kh8 28. h3 Rg8 29. Qf2 Qg5 30. Re1 Qg3 31. Qxg3 Rxg3 32. Bxf5 Rxb2 33. Bxd7 Kg7 34. Re2 Nxd7 35. Rxb2 Rxc3 36. Ra6 Ne5 37. Rf2 Nxc4 38. Rf4 h6 39. Kh2 Rc2 40. Rg4+ Kf6 41. Ra4 Ne5 42. Rgf4+ Kg6 43. Ra6 Nc4 44. h4 h5 45. Kh3 Rc3+ 46. Kh2 f5 47. Rxc4 Rxc4 48. Rxd6+ Kf7 49. Kg3 Rg4+ 50. Kh3 Rd4 51. Rh6 Rxd5 52. Rxh5 c4 53. Rh7+ Kg6 54. Rc7 Rd3+ 55. g3 c3 56. Rc6+ Kg7 57. Kg2 Kf7 58. h5 Kg7 59. Kf2 Kh7 60. Rf6 Rd5 61. Rc6 Rd3 62. h6 c2 63. Rxc2 Kxh6 64. Rc8 Kg5 65. Rg8+ Kf6 66. Kg2 Kf7 67. Rb8 Ra3 68. Rb6 Rc3 69. Ra6 Rb3 1/2-1/2

[Event "RSA-chB"]
[Site "Cape Town"]
[Date "2019.12.10"]
[Round "4"]
[White "Essop, Hishaam"]
[Black "Bhawoodien, Shabier Hussain"]
[Result "1-0"]
[WhiteElo "1840"]
[BlackElo "2063"]
[PlyCount "104"]
[EventDate "2019.12.07"]
[EventType "swiss"]
[EventRounds "11"]
[EventCountry "RSA"]
[SourceTitle "CBM 193 Extra"]
[Source "ChessBase"]
[SourceDate "2020.01.31"]
[SourceVersion "1"]
[SourceVersionDate "2020.01.31"]
[SourceQuality "1"]

1. e4 e5 2. Nf3 Nc6 3. d4 exd4 4. Bc4 Nf6 5. e5 d5 6. Bb5 Ne4 7. Nxd4 Bd7 8. Bxc6 bxc6 9. 0-0 Bc5 10. f3 Ng5 11. f4 Ne4 12. Nc3 Nxc3 13. bxc3 0-0 14. Qd3 f6 15. Be3 Qe7 16. Rfe1 fxe5 17. fxe5 Bxd4 18. cxd4 Bf5 19. Qc3 Qe6 20. Bc1 Be4 21. Ba3 Rf4 22. Rf1 Rg4 23. Rf2 Qg6 24. Qd2 h5 25. Rb1 a5 26. Rb7 Rc8 27. Bc5 a4 28. a3 h4 29. Kf1 Kh7 30. Qe2 Kg8 31. Qd2 Rg5 32. Kg1 Rg4 33. Kf1 h3 34. g3 Bg2+ 35. Kg1 Be4 36. Kf1 Rg5 37. Rb2 Rd8 38. Be7 Rxg3 39. hxg3 Bg2+ 40. Rxg2 Qf7+ 41. Rf2 Qxe7 42. Qf4 c5 43. c3 cxd4 44. cxd4 Qxa3 45. Qf7+ Kh8 46. Qh5+ Kg8 47. Qxh3 Qd3+ 48. Rbe2 Qg6 49. Qf5 Qe8 50. e6 a3 51. Qf7+ Qxf7 52. exf7+ Kf8 1-0

[Event "Sandton SWVG rapid op"]
[Site "Sandton"]
[Date "2019.05.19"]
[Round "8"]
[White "Bhawoodien, Shabier Hussain"]
[Black "Khumalo, Keith"]
[Result "0-1"]
[WhiteElo "2026"]
[BlackElo "1847"]
[PlyCount "86"]
[EventDate "2019.05.18"]
[EventType "swiss (rapid)"]
[EventRounds "10"]
[EventCountry "RSA"]
[SourceTitle "CBM 190 Extra"]
[Source "ChessBase"]
[SourceDate "2019.07.15"]
[SourceVersion "1"]
[SourceVersionDate "2019.07.15"]
[SourceQuality "1"]

1. e4 e6 2. Nf3 d5 3. Nc3 Nf6 4. e5 Nfd7 5. d4 c5 6. dxc5 Nc6 7. Bf4 Nxc5 8. a3 a6 9. b4 Nd7 10. Bd3 Be7 11. 0-0 0-0 12. Re1 f6 13. Qd2 fxe5 14. Nxe5 Ndxe5 15. Bxe5 Nxe5 16. Rxe5 Bf6 17. Rh5 g6 18. Rh3 e5 19. Rg3 e4 20. Bf1 Bh4 21. Nxd5 Bxg3 22. hxg3 Be6 23. c4 Bxd5 24. cxd5 Qb6 25. d6 Rf6 26. Bc4+ Kg7 27. d7 Raf8 28. Rf1 Qd6 29. Qe2 Qxd7 30. Qxe4 Re8 31. Qh4 Qd2 32. g4 h6 33. Qg3 Rf4 34. Bb3 Ree4 35. Rd1 Re1+ 36. Kh2 Rxd1 37. Bxd1 g5 38. Qb3 Rxf2 39. Bf3 Rf1 40. Qe6 Qf4+ 41. g3 Qxf3 42. Qd7+ Qf7 43. Qd4+ Rf6 0-1

[Event "Sandton SWVG blitz op"]
[Site "Sandton"]
[Date "2019.05.19"]
[Round "5"]
[White "Bhawoodien, Shabier Hussain"]
[Black "Mpya, Tshediso M"]
[Result "0-1"]
[WhiteElo "2105"]
[BlackElo "1925"]
[PlyCount "82"]
[EventDate "2019.05.19"]
[EventType "swiss (blitz)"]
[EventRounds "10"]
[EventCountry "RSA"]
[SourceTitle "CBM 190 Extra"]
[Source "ChessBase"]
[SourceDate "2019.07.15"]
[SourceVersion "1"]
[SourceVersionDate "2019.07.15"]
[SourceQuality "1"]

1. e4 c6 2. d4 d5 3. e5 Bf5 4. Nf3 e6 5. Be2 c5 6. c3 Ne7 7. dxc5 Nec6 8. b4 Nd7 9. Bf4 a6 10. 0-0 h6 11. Nd4 Bh7 12. Nxc6 bxc6 13. Bd3 g5 14. Bg3 Bg7 15. Bxh7 Rxh7 16. Re1 h5 17. h3 Ke7 18. Nd2 Qg8 19. Nf3 g4 20. Ng5 Rh6 21. h4 Rg6 22. c4 Qh8 23. cxd5 cxd5 24. Qe2 Nb8 25. a4 Nc6 26. b5 Nd4 27. Qb2 Nf5 28. c6 Qc8 29. Rac1 Nxg3 30. fxg3 f5 31. exf6+ Bxf6 32. Rxe6+ Qxe6 33. Nxe6 Bxb2 34. Rc2 Rxe6 35. Rxb2 axb5 36. axb5 Kd6 37. Rc2 Kc7 38. Rd2 Rd6 39. Rf2 Kb6 40. Rc2 Kxb5 41. c7 Rc8 0-1

[Event "Sandton SWVG rapid op"]
[Site "Sandton"]
[Date "2019.05.19"]
[Round "10"]
[White "Bhawoodien, Shabier Hussain"]
[Black "Sithole, Collins"]
[Result "1-0"]
[WhiteElo "2026"]
[BlackElo "1861"]
[PlyCount "135"]
[EventDate "2019.05.18"]
[EventType "swiss (rapid)"]
[EventRounds "10"]
[EventCountry "RSA"]
[SourceTitle "CBM 190 Extra"]
[Source "ChessBase"]
[SourceDate "2019.07.15"]
[SourceVersion "1"]
[SourceVersionDate "2019.07.15"]
[SourceQuality "1"]

1. e4 g6 2. d4 Bg7 3. c4 c5 4. d5 d6 5. Nc3 Nf6 6. Bg5 h6 7. Be3 Nbd7 8. f3 Qa5 9. Nge2 a6 10. Nc1 Rb8 11. Nb3 Qb4 12. a3 Qb6 13. Be2 Ne5 14. h3 g5 15. Kf2 Bd7 16. g3 Ng6 17. Rb1 Qd8 18. Nd2 Nh5 19. Kg2 b5 20. Qc2 Rg8 21. Bf2 Qc8 22. g4 Nhf4+ 23. Kf1 b4 24. axb4 cxb4 25. Nd1 Nxe2 26. Kxe2 Nf4+ 27. Kf1 a5 28. b3 Qa6 29. Nb2 e6 30. Nd3 Ng6 31. Kg2 Bc3 32. dxe6 fxe6 33. Bg3 Ke7 34. Rhe1 e5 35. Re2 Rgf8 36. Nf1 Nf4+ 37. Nxf4 gxf4 38. Be1 Bd4 39. Bf2 Bc3 40. Rd1 h5 41. Qd3 hxg4 42. Bh4+ Ke8 43. hxg4 Rb6 44. Nd2 a4 45. Nb1 Bd4 46. Bf2 Bxf2 47. Rxf2 a3 48. Qd2 Be6 49. c5 a2 50. cxb6 a1Q 51. Qxd6 Qc8 52. b7 Qxb7 53. Qxe6+ Qe7 54. Qc6+ Kf7 55. Rd7 Qd4 56. Rxe7+ Kxe7 57. Rd2 Qa7 58. Qd6+ Kf7 59. Qxe5 Kg8 60. Qg5+ Kh8 61. Kf1 Qh7 62. Qh5 Qxh5 63. gxh5 Rc8 64. Ke2 Rc1 65. Rb2 Rh1 66. Nd2 Rxh5 67. Rc2 Rh2+ 68. Kd3 1-0

[Event "Sandton SWVG blitz op"]
[Site "Sandton"]
[Date "2019.05.19"]
[Round "8"]
[White "Uzenit, Tapera"]
[Black "Bhawoodien, Shabier Hussain"]
[Result "0-1"]
[WhiteElo "1937"]
[BlackElo "2105"]
[PlyCount "92"]
[EventDate "2019.05.19"]
[EventType "swiss (blitz)"]
[EventRounds "10"]
[EventCountry "RSA"]
[SourceTitle "CBM 190 Extra"]
[Source "ChessBase"]
[SourceDate "2019.07.15"]
[SourceVersion "1"]
[SourceVersionDate "2019.07.15"]
[SourceQuality "1"]

1. e4 e5 2. Nf3 Nc6 3. Bb5 f5 4. d3 fxe4 5. dxe4 Nf6 6. 0-0 Bc5 7. Nc3 d6 8. Bc4 Na5 9. Bd3 0-0 10. Bg5 Be6 11. a3 Nc6 12. Na4 Bb6 13. Nxb6 axb6 14. c3 Qe8 15. Nh4 h6 16. Be3 Ne7 17. h3 Nh5 18. Bc2 Nf4 19. Kh2 Neg6 20. Nf5 Ne7 21. g4 Kh7 22. Qd2 g5 23. f3 Qf7 24. Kg3 Kg6 25. Rh1 Rh8 26. h4 Bxf5 27. exf5+ Kf6 28. Rh2 Qc4 29. Rah1 Kg7 30. Kf2 Raf8 31. b3 Qc6 32. Be4 Qd7 33. a4 d5 34. hxg5 hxg5 35. Rxh8 Rxh8 36. Bc2 Rxh1 37. Bxf4 gxf4 38. g5 Nxf5 39. Kg2 Rh8 40. Qd3 Kg6 41. Qe2 Qe6 42. c4 e4 43. fxe4 dxe4 44. Bxe4 Re8 45. Bxf5+ Kxf5 46. Qd3+ Qe4+ 0-1

[Event "Sandton SWVG rapid op"]
[Site "Sandton"]
[Date "2019.05.18"]
[Round "2"]
[White "Bhawoodien, Shabier Hussain"]
[Black "Bucceri, Draven Ricardo"]
[Result "1-0"]
[WhiteElo "2026"]
[BlackElo "1633"]
[PlyCount "79"]
[EventDate "2019.05.18"]
[EventType "swiss (rapid)"]
[EventRounds "10"]
[EventCountry "RSA"]
[SourceTitle "CBM 190 Extra"]
[Source "ChessBase"]
[SourceDate "2019.07.15"]
[SourceVersion "1"]
[SourceVersionDate "2019.07.15"]
[SourceQuality "1"]

1. e4 e6 2. Nf3 d5 3. Nc3 Nf6 4. e5 Nfd7 5. d4 c5 6. dxc5 Nc6 7. Bf4 Bxc5 8. Bd3 f6 9. exf6 Nxf6 10. 0-0 0-0 11. Qe2 Bd6 12. Bg3 Bxg3 13. hxg3 Qe8 14. Ne5 Nxe5 15. Qxe5 Ng4 16. Qg5 Nf6 17. Rae1 h6 18. Qh4 Bd7 19. Re5 Qf7 20. Rfe1 Rae8 21. g4 Nh7 22. Bxh7+ Kxh7 23. Ne2 Qf6 24. Qg3 Rf7 25. Nd4 Rfe7 26. c3 a6 27. R1e3 g5 28. f3 Rf7 29. Qe1 Rfe7 30. Nf5 Rg7 31. Nxg7 Kxg7 32. Qd2 Rh8 33. Qd4 Kf7 34. Qb6 Bc8 35. Qc7+ Kg6 36. Qc5 Kf7 37. c4 dxc4 38. Qxc4 Rd8 39. Re1 Rd6 40. Qxc8 1-0

[Event "Africa-ch U2300 op"]
[Site "Windhoek"]
[Date "2019.01.02"]
[Round "3.2"]
[White "Bhawoodien, Shabier Hussain"]
[Black "Mosenya, Ndawana"]
[Result "0-1"]
[WhiteElo "1999"]
[BlackElo "1945"]
[PlyCount "105"]
[EventDate "2018.12.31"]
[EventType "swiss"]
[EventRounds "9"]
[EventCountry "NAM"]
[SourceTitle "EXT 2024"]
[Source "ChessBase"]
[SourceDate "2023.10.10"]
[SourceVersion "1"]
[SourceVersionDate "2023.10.10"]
[SourceQuality "1"]

1. d4 Nf6 2. c4 g6 3. f3 d5 4. cxd5 Nxd5 5. e4 Nf6 6. Nc3 Bg7 7. Bg5 h6 8. Be3 Nc6 9. Bb5 0-0 10. Nge2 a6 11. Bxc6 bxc6 12. Qd2 Kh7 13. g4 c5 14. d5 Nd7 15. f4 Nb6 16. h3 Nc4 17. Qc1 Nxe3 18. Qxe3 Rb8 19. 0-0-0 Qd6 20. e5 Qb6 21. Rd2 c6 22. b3 cxd5 23. Nxd5 Qb7 24. Rhd1 c4 25. Rb2 Be6 26. Nec3 Rfc8 27. Kb1 a5 28. Rdd2 cxb3 29. axb3 Qc6 30. Rd1 Rb7 31. Qe4 Bxd5 32. Qxd5 Qxd5 33. Nxd5 g5 34. Ka2 gxf4 35. Nxf4 Bxe5 36. Rf2 e6 37. Nh5 Rc3 38. Rdf1 Kg8 39. Re2 Bg7 40. Ref2 Rcxb3 41. Rh1 Rb2+ 42. Rxb2 Rxb2+ 43. Ka3 Rb4 44. Rf1 Rc4 45. Rb1 Bf8+ 46. Ka2 Ra4+ 47. Kb2 Rb4+ 48. Kc2 Rxb1 49. Kxb1 f5 50. Nf4 fxg4 51. hxg4 Kf7 52. Kc2 Kf6 53. Kc3 0-1

[Event "Africa-ch U2300 op"]
[Site "Windhoek"]
[Date "2019.01.02"]
[Round "4.4"]
[White "Machobane, Moemedi"]
[Black "Bhawoodien, Shabier Hussain"]
[Result "0-1"]
[WhiteElo "1892"]
[BlackElo "1999"]
[PlyCount "82"]
[EventDate "2018.12.31"]
[EventType "swiss"]
[EventRounds "9"]
[EventCountry "NAM"]
[SourceTitle "EXT 2024"]
[Source "ChessBase"]
[SourceDate "2023.10.10"]
[SourceVersion "1"]
[SourceVersionDate "2023.10.10"]
[SourceQuality "1"]

1. d4 Nf6 2. c4 e5 3. dxe5 Ng4 4. Nf3 Nc6 5. e3 Ngxe5 6. Be2 g6 7. 0-0 Bg7 8. Nd4 0-0 9. Nc3 d6 10. Kh1 a6 11. Nd5 Re8 12. Bd2 Nxd4 13. exd4 Nc6 14. Bc3 Ne7 15. Nxe7+ Rxe7 16. Bf3 Rb8 17. Qb3 Be6 18. Rfe1 b6 19. Rad1 Bd7 20. Qa3 a5 21. c5 Rxe1+ 22. Rxe1 dxc5 23. dxc5 Bf8 24. b4 Qh4 25. g3 Qc4 26. bxa5 Re8 27. Rc1 Bxc5 28. Qb2 Qd3 29. Kg2 bxa5 30. Bxa5 Bd4 31. Bc3 Bxc3 32. Qxc3 Qxc3 33. Rxc3 Rc8 34. Bb7 Rb8 35. Rxc7 Rxb7 36. Rc3 Ra7 37. a3 Kg7 38. f4 h5 39. Kf3 Kf6 40. Rb3 Be6 41. Rc3 Rb7 0-1